000 00298nam a2200121Ia 4500
008 190216s9999||||xx |||||||||||||| ||und||
100 _aIan Mckenzie Smith
245 0 _aHughes Electrical Technology
260 _bAddison-Wesley Pbl: Co:
_c1998
300 _a801p
650 _aPhysics
942 _cBK
999 _c33393
_d33393